Normal view
MARC view
Entry Topical Term
001 - CONTROL NUMBER
- control field: 10087
003 - CONTROL NUMBER IDENTIFIER
- control field: HDC
005 - DATE AND TIME OF LATEST TRANSACTION
- control field: 20230624073325.0
008 - FIXED-LENGTH DATA ELEMENTS
- fixed length control field: 210203|| aca||aabn | a|a d
040 ## - CATALOGING SOURCE
- Original cataloging agency: HDC
- Transcribing agency: HDC
150 ## - HEADING--TOPICAL TERM
- Topical term or geographic name entry element: halal cosmetics brand
670 ## - SOURCE DATA FOUND
- Source citation: Work cat.: (HDC): Ahmedabad author 10085, India's first halal cosmetic brand Iba Halal Care launched / by, [no year]
